[Event "CHN-chB"]
[Site "Qiziwan"]
[Date "2023.02.02"]
[Round "8"]
[White "Li, Haoyu B"]
[Black "Ji, Jiadong"]
[Result "1/2-1/2"]
[WhiteElo "2136"]
[BlackElo "1878"]
[PlyCount "86"]
[EventDate "2023.01.30"]
[EventType "swiss"]
[EventRounds "11"]
[EventCountry "CHN"]
[SourceTitle "CBM 212 Extra"]
[Source "ChessBase"]
[SourceDate "2023.03.31"]
[SourceVersion "1"]
[SourceVersionDate "2023.03.31"]
[SourceQuality "1"]

1. e4 c6 2. d4 d5 3. e5 Bf5 4. Nf3 e6 5. Be2 Nd7 6. 0-0 Ne7 7. Nbd2 Ng6 8. Nb3 Bg4 9. Be3 Be7 10. a4 0-0 11. a5 Bxf3 12. Bxf3 Bg5 13. Qd2 Bxe3 14. Qxe3 c5 15. Nxc5 Nxc5 16. dxc5 d4 17. Qe4 Qc7 18. Qxb7 Qxc5 19. Qxa8 Rxa8 20. Bxa8 Nxe5 21. Rfd1 g5 22. Be4 Kg7 23. Rab1 Qb4 24. a6 Nd7 25. Bd3 Nc5 26. c3 dxc3 27. bxc3 Qxc3 28. Rbc1 Qa5 29. Bf1 Qb6 30. Rb1 Qc6 31. Rdc1 Qd6 32. Rb5 Ne4 33. Rc2 Qd1 34. Rbb2 Qd4 35. Ra2 h5 36. Rc4 Qd5 37. Ra1 g4 38. Re1 Nd2 39. Rc7 Nxf1 40. Rxf1 Qd6 41. Rxa7 Qb6 42. Ra8 Qc6 43. Rb8 Qxa6 1/2-1/2

[Event "CHN-chB"]
[Site "Qiziwan"]
[Date "2023.02.01"]
[Round "6"]
[White "Li, Haoyu B"]
[Black "Zhao, Chenxi"]
[Result "0-1"]
[WhiteElo "2136"]
[BlackElo "2408"]
[PlyCount "70"]
[EventDate "2023.01.30"]
[EventType "swiss"]
[EventRounds "11"]
[EventCountry "CHN"]
[SourceTitle "CBM 212 Extra"]
[Source "ChessBase"]
[SourceDate "2023.03.31"]
[SourceVersion "1"]
[SourceVersionDate "2023.03.31"]
[SourceQuality "1"]

1. c4 Nf6 2. Nc3 e5 3. g3 g6 4. Bg2 Bg7 5. b3 0-0 6. Bb2 c6 7. e4 Re8 8. Nge2 Na6 9. 0-0 Nc7 10. d4 exd4 11. Nxd4 d6 12. Qd2 Qe7 13. h3 Ne6 14. Nxe6 Bxe6 15. Rad1 Red8 16. Ba3 Ne8 17. Kh2 a5 18. Rfe1 a4 19. Bb2 axb3 20. axb3 Qc7 21. Ra1 h5 22. Ne2 Bxb2 23. Qxb2 Qb6 24. Rab1 Qxf2 25. Rf1 Qc5 26. Nf4 Qe5 27. Qf2 Ng7 28. Nd3 Qg5 29. Ra1 Qe7 30. Qd4 h4 31. gxh4 Qxh4 32. Rxa8 Rxa8 33. Qxd6 Bxh3 34. Rf4 Bg4+ 35. Kg1 Ne6 0-1

[Event "Longtou Cup 2nd"]
[Site "Qinhuangdao"]
[Date "2019.04.20"]
[Round "5"]
[White "Li, Haoyu B"]
[Black "Li, Guohao"]
[Result "1/2-1/2"]
[WhiteElo "2095"]
[BlackElo "2098"]
[PlyCount "34"]
[EventDate "2019.04.16"]
[EventType "swiss"]
[EventRounds "9"]
[EventCountry "CHN"]
[SourceTitle "CBM 190 Extra"]
[Source "ChessBase"]
[SourceDate "2019.07.15"]
[SourceVersion "1"]
[SourceVersionDate "2019.07.15"]
[SourceQuality "1"]

1. Nf3 Nf6 2. g3 g6 3. Bg2 Bg7 4. 0-0 0-0 5. d4 d5 6. b3 c6 7. c4 Bf5 8. Bb2 Nbd7 9. Nc3 dxc4 10. bxc4 Nb6 11. c5 Nc4 12. Bc1 Nd5 13. Qb3 Na5 14. Qa3 Nc4 15. Qb3 Na5 16. Qa3 Nc4 17. Qb3 Na5 1/2-1/2

[Event "Tianjin Binhai Cup 1st"]
[Site "Tianjin"]
[Date "2018.12.30"]
[Round "6"]
[White "Li, Haoyu B"]
[Black "Padmini, Rout"]
[Result "0-1"]
[WhiteElo "2100"]
[BlackElo "2345"]
[PlyCount "104"]
[EventDate "2018.12.25"]
[EventType "swiss"]
[EventRounds "9"]
[EventCountry "CHN"]
[SourceTitle "CBM 188 Extra"]
[Source "ChessBase"]
[SourceDate "2019.02.26"]
[SourceVersion "1"]
[SourceVersionDate "2019.02.26"]
[SourceQuality "1"]

1. e4 e6 2. d4 d5 3. Nc3 Nf6 4. e5 Nfd7 5. f4 c5 6. Nf3 Nc6 7. Be3 a6 8. Qd2 Be7 9. 0-0-0 c4 10. f5 b5 11. Ne2 exf5 12. Nf4 Nf8 13. h3 b4 14. Bxc4 dxc4 15. d5 Qa5 16. Kb1 c3 17. Qf2 b3 18. axb3 cxb2 19. Kxb2 Bb4 20. Rd3 Ba3+ 21. Kb1 Nb4 22. Rd4 Ng6 23. c3 Nxf4 24. cxb4 Bxb4 25. Bxf4 Bc3 26. Ra4 Qxd5 27. Rc4 Qa5 28. Ra4 Qb5 29. Qc2 Rb8 30. Qxc3 Qxa4 31. Qxc8+ Rxc8 32. bxa4 Rc4 33. Rc1 Rb4+ 34. Ka2 0-0 35. Bd2 Rxa4+ 36. Kb3 Re4 37. Ra1 Ra8 38. Bc3 Re2 39. Ra2 Rb8+ 40. Ka3 Rxa2+ 41. Kxa2 Rb5 42. Ka3 h6 43. Bb4 g5 44. Bd6 f4 45. Bb4 Kh7 46. Be1 Kg6 47. Ka4 Rb1 48. Ka5 h5 49. Bd2 Ra1+ 50. Kb6 Ra2 51. Bc1 Rxg2 52. Bxf4 Rb2+ 0-1

[Event "Tianjin Binhai Cup 1st"]
[Site "Tianjin"]
[Date "2018.12.29"]
[Round "5"]
[White "Yang, Yijing"]
[Black "Li, Haoyu B"]
[Result "1-0"]
[WhiteElo "2035"]
[BlackElo "2100"]
[PlyCount "85"]
[EventDate "2018.12.25"]
[EventType "swiss"]
[EventRounds "9"]
[EventCountry "CHN"]
[SourceTitle "CBM 188 Extra"]
[Source "ChessBase"]
[SourceDate "2019.02.26"]
[SourceVersion "1"]
[SourceVersionDate "2019.02.26"]
[SourceQuality "1"]

1. d4 Nf6 2. c4 e6 3. Nc3 d5 4. cxd5 exd5 5. Bg5 Nbd7 6. e3 Be7 7. Nf3 c6 8. Bd3 h6 9. Bf4 0-0 10. h3 Re8 11. 0-0 Nf8 12. Qc2 Bd6 13. Ne5 Qe7 14. Bh2 c5 15. f4 Bd7 16. Qf2 c4 17. Bc2 Bc6 18. g4 N6d7 19. Qf3 Nb6 20. Qf2 Ne6 21. h4 Nd7 22. Rae1 Rad8 23. Ne2 Nf6 24. Qg2 Bxe5 25. dxe5 Nh7 26. Nd4 Nxd4 27. exd4 Qxh4 28. Re3 Bd7 29. Rg3 g6 30. Qxd5 Bf5 31. Qg2 Bxc2 32. Rh3 Be4 33. Rxh4 Bxg2 34. Kxg2 Rxd4 35. Rxh6 Rd2+ 36. Rf2 Red8 37. f5 gxf5 38. gxf5 Rxf2+ 39. Kxf2 Rd2+ 40. Ke3 Rxb2 41. e6 fxe6 42. fxe6 Rb1 43. Rg6+ 1-0

[Event "Tianjin Binhai Cup 1st"]
[Site "Tianjin"]
[Date "2018.12.26"]
[Round "2"]
[White "Li, Haoyu B"]
[Black "Li, Yunshan"]
[Result "0-1"]
[WhiteElo "2100"]
[BlackElo "2196"]
[PlyCount "124"]
[EventDate "2018.12.25"]
[EventType "swiss"]
[EventRounds "9"]
[EventCountry "CHN"]
[SourceTitle "CBM 188 Extra"]
[Source "ChessBase"]
[SourceDate "2019.02.26"]
[SourceVersion "1"]
[SourceVersionDate "2019.02.26"]
[SourceQuality "1"]

1. d4 Nf6 2. c4 g6 3. Nc3 d5 4. cxd5 Nxd5 5. Bd2 Bg7 6. e4 Nxc3 7. Bxc3 0-0 8. Be2 c5 9. d5 e6 10. Nf3 exd5 11. exd5 Bg4 12. 0-0 Qd6 13. Qb3 Bxf3 14. Bxf3 b6 15. Bxg7 Kxg7 16. Qc3+ Kg8 17. Rfe1 Nd7 18. Re3 Nf6 19. Rae1 Rad8 20. Re5 Rfe8 21. g3 Rxe5 22. Rxe5 Qf8 23. Kg2 Rd6 24. b4 cxb4 25. Qxb4 Qd8 26. Qc4 Qd7 27. a4 a5 28. h3 Qd8 29. Qb5 Kf8 30. h4 h5 31. Qc4 Nd7 32. Re1 Nc5 33. Qf4 Qd7 34. Qh6+ Kg8 35. Re5 Nd3 36. Re3 Nb4 37. Re5 Nxd5 38. Qg5 Nf6 39. Rb5 Kg7 40. Qe3 Qe6 41. Qc3 Qa2 42. Qc7 Qxa4 43. Bc6 Qd4 44. Rxb6 Nd5 45. Bxd5 Rxb6 46. Qxb6 Qxd5+ 47. Kh2 a4 48. Qb4 Qb3 49. Qd4+ Kh7 50. g4 hxg4 51. Qxg4 a3 52. h5 a2 53. hxg6+ fxg6 54. Qh4+ Kg7 55. Qd4+ Kf7 56. Qf4+ Ke7 57. Qc7+ Ke6 58. Qc6+ Ke5 59. Qc5+ Ke4 60. Qe7+ Kf3 61. Qf6+ Ke2 62. Qe5+ Kxf2 0-1

[Event "Longtou Cup 1st"]
[Site "Qinhuangdao"]
[Date "2018.05.30"]
[Round "5"]
[White "Li, Haoyu B"]
[Black "Zhou, Zirun"]
[Result "1/2-1/2"]
[WhiteElo "2132"]
[BlackElo "2008"]
[PlyCount "103"]
[EventDate "2018.05.26"]
[EventType "swiss"]
[EventRounds "9"]
[EventCountry "CHN"]
[SourceTitle "CBM 184 Extra"]
[Source "ChessBase"]
[SourceDate "2018.06.28"]
[SourceVersion "1"]
[SourceVersionDate "2018.06.28"]
[SourceQuality "1"]

1. d4 Nf6 2. c4 e6 3. Nf3 d5 4. g3 Bb4+ 5. Bd2 Be7 6. Bg2 0-0 7. 0-0 Nbd7 8. Bc3 Ne4 9. Nbd2 Nxc3 10. bxc3 c6 11. a4 b6 12. a5 Ba6 13. Qb3 Qc7 14. Rfe1 f5 15. Ra2 g5 16. axb6 axb6 17. h3 h5 18. Rea1 Bb7 19. Rxa8 Bxa8 20. cxd5 cxd5 21. e4 Qd6 22. exf5 exf5 23. Ne5 Kg7 24. Nxd7 Qxd7 25. Qxb6 Qd8 26. Qe6 Rf6 27. Qe2 Kg6 28. Ra7 Bd6 29. Qb5 Bc7 30. Rxc7 Qxc7 31. Qe8+ Kg7 32. Qxa8 Qxc3 33. Nf1 Qxd4 34. Bxd5 Rf8 35. Qb7+ Kh6 36. Bf7 Qf6 37. Bxh5 g4 38. Ne3 Kxh5 39. hxg4+ fxg4 40. Qh1+ Kg6 41. Qe4+ Kg7 42. Nxg4 Qa1+ 43. Kg2 Qa8 44. Qxa8 Rxa8 45. Ne3 Ra2 46. g4 Kg6 47. Kg3 Ra3 48. Kh4 Rc3 49. Kh3 Rb3 50. Kg3 Ra3 51. Kf3 Kg5 52. Kg3 1/2-1/2

[Event "Longtou Cup 1st"]
[Site "Qinhuangdao"]
[Date "2018.05.28"]
[Round "3"]
[White "Li, Haoyu B"]
[Black "Khademalsharieh, Sarasadat"]
[Result "0-1"]
[WhiteElo "2132"]
[BlackElo "2425"]
[PlyCount "104"]
[EventDate "2018.05.26"]
[EventType "swiss"]
[EventRounds "9"]
[EventCountry "CHN"]
[SourceTitle "CBM 184 Extra"]
[Source "ChessBase"]
[SourceDate "2018.06.28"]
[SourceVersion "1"]
[SourceVersionDate "2018.06.28"]
[SourceQuality "1"]

1. d4 Nf6 2. c4 e6 3. Nf3 d5 4. g3 Bb4+ 5. Bd2 Bd6 6. Bg2 Nbd7 7. 0-0 c6 8. cxd5 exd5 9. Nc3 0-0 10. Qc1 Re8 11. Bf4 Nf8 12. Bxd6 Qxd6 13. Ne5 Ne6 14. e3 Nd7 15. Nd3 b6 16. Qc2 Ba6 17. Rfd1 Rac8 18. Qa4 Bc4 19. b4 b5 20. Qa3 a5 21. Rab1 Ra8 22. Qb2 Ng5 23. a3 Bxd3 24. Rxd3 Nb6 25. Qc1 axb4 26. axb4 Nc4 27. Ne2 f5 28. Qe1 Ra4 29. Nf4 Rea8 30. Rdd1 Ne4 31. f3 Nf6 32. Bf1 Qe7 33. Rb3 Re8 34. Ng2 Qa7 35. Rbb1 Ra3 36. Ra1 Ra8 37. Rxa3 Qxa3 38. h4 Qa7 39. Qc3 Qc7 40. Ra1 Rxa1 41. Qxa1 Qxg3 42. Qa8+ Kf7 43. Qb7+ Kg6 44. Bxc4 bxc4 45. Qxc6 Qxf3 46. Qe6 c3 47. Nf4+ Kh6 48. Qxf5 Ne4 49. Qe6+ g6 50. Nh3 c2 51. Qc8 Qxe3+ 52. Kf1 Qxh3+ 0-1